000 01260nam a22003137a 4500
999 _c23576
_d23576
003 AR-CdUCM
008 260331b2024 pe ||||| |||| 00| 0 esp d
020 _a978-612-03-0654-2
040 _aMUNICIPALIDAD PROVINCIAL DEL CUSCO
_cBIBLIOTECA MUNICIPAL DEL CUSCO
041 _hspa
082 _a628.5 /
_bL64
100 _aLimpe Ramos, Patricia
_952462
245 _aGestión de Calidad y Medio Ambiente de un Laboratorio Universitario /
260 _aCusco - Perú :
_bLimpe Ramos, Patricia,
_c2024.
300 _a203 Páginas. :
_bCuadros, gráficos
_c15 x 20 cm.
500 _zPágina 203
505 _aContenido: Sección I. Sistema de Gestión de Calidad de un Laboratorio Universitario según la ISO 9001.2015 -- Sección II. Según ISO 14001 - 2015 -- Sección III. Plan de Contingencia de un Laboratorio...
650 _aObjeto y campo
_952463
650 _aPronóstico
_950638
650 _aSistema de Gestión
_952464
650 _aRecursos Humanos
_94385
650 _aProducción y Prestación
_952465
650 _aPlan de manejo
_952466
650 _aTratamientos de Residuos
_952467
650 _aOrganización del Sistema
_952468
650 _aEvaluación de Emergencia
_952469
942 _2ddc
_cLIBROS
945 _ajmcs
_d31/03/2026